Разрушение горных пород при бурении скважин: учебное пособие
| Päätekijä: | |
|---|---|
| Yhteisötekijä: | |
| Yhteenveto: | Заглавие с титульного экрана Электронная версия печатной публикации В пособии изложены некоторые вопросы основ теории разрушения горных пород при бурении скважин с применением традиционных механических способов с помощью породоразрушающих инструментов. В связи с этим рассмотрены основы теории механики твердого тела и в частности, поведение горных пород при внедрении инденторов различной формы под действием силового поля - статического и динамического характера. При этом рассматривается механизм, масштабы и энергоемкость их деформации и разрушения с использованием не только теории, но и практических данных, полученных в лабораторных условиях. Достаточно детально рассматривается механизм разрушения горных пород породоразрушающими инструментами различного вида при современных способах бурения скважин: ударном, вращательном, ударно-вращательном, вибрационном и задавливанием бурового снаряда. Предназначено для студентов геологоразведочного профиля высших учебных заведений, обучающихся по специальностям 080700, 080200 и специальности 090800 «Бурение нефтяных и газовых скважин» Режим доступа: из корпоративной сети ТПУ |
| Kieli: | venäjä |
| Julkaistu: |
Томск, Изд-во ТПУ, 2008
|
| Aiheet: | |
| Linkit: | http://www.lib.tpu.ru/fulltext2/m/2010/m115.pdf |
| Aineistotyyppi: | MixedMaterials Elektroninen Kirja |
| KOHA link: | https://koha.lib.tpu.ru/cgi-bin/koha/opac-detail.pl?biblionumber=182489 |
MARC
| LEADER | 00000nlm0a2200000 4500 | ||
|---|---|---|---|
| 001 | 182489 | ||
| 005 | 20231101223708.0 | ||
| 035 | |a (RuTPU)RU\TPU\book\197829 | ||
| 090 | |a 182489 | ||
| 100 | |a 20100622d2008 m y0rusy50 ca | ||
| 101 | 0 | |a rus | |
| 102 | |a RU | ||
| 105 | |a a j 001zy | ||
| 135 | |a vrcn ---uucaa | ||
| 181 | 0 | |a i | |
| 182 | 0 | |a b | |
| 200 | 1 | |a Разрушение горных пород при бурении скважин |b Электронный ресурс |e учебное пособие |f С. С. Сулакшин |g Томский политехнический университет (ТПУ) | |
| 203 | |a Текст |c электронный | ||
| 210 | |a Томск |c Изд-во ТПУ |d 2008 | ||
| 230 | |a 1 компьютерный файл (pdf; 3.5 МB) | ||
| 300 | |a Заглавие с титульного экрана | ||
| 300 | |a Электронная версия печатной публикации | ||
| 330 | |a В пособии изложены некоторые вопросы основ теории разрушения горных пород при бурении скважин с применением традиционных механических способов с помощью породоразрушающих инструментов. В связи с этим рассмотрены основы теории механики твердого тела и в частности, поведение горных пород при внедрении инденторов различной формы под действием силового поля - статического и динамического характера. При этом рассматривается механизм, масштабы и энергоемкость их деформации и разрушения с использованием не только теории, но и практических данных, полученных в лабораторных условиях. Достаточно детально рассматривается механизм разрушения горных пород породоразрушающими инструментами различного вида при современных способах бурения скважин: ударном, вращательном, ударно-вращательном, вибрационном и задавливанием бурового снаряда. Предназначено для студентов геологоразведочного профиля высших учебных заведений, обучающихся по специальностям 080700, 080200 и специальности 090800 «Бурение нефтяных и газовых скважин» | ||
| 333 | |a Режим доступа: из корпоративной сети ТПУ | ||
| 337 | |a Adobe Reader | ||
| 488 | 1 | |0 (RuTPU)RU\TPU\book\80625 |t Разрушение горных пород при бурении скважин |o учебное пособие |f С. С. Сулакшин |g Томский политехнический университет |c Томск |n Изд-во ТПУ |d 2004 |p 136 с. |s Учебники Томского политехнического университета |a Сулакшин, Степан Степанович | |
| 606 | 1 | |a Горные породы |x Разрушение при бурении |2 stltpush |3 (RuTPU)RU\TPU\subj\7968 |9 35473 | |
| 610 | 1 | |a горные породы | |
| 610 | 1 | |a бурение | |
| 610 | 1 | |a скважины | |
| 610 | 1 | |a разрушение | |
| 610 | 1 | |a механические разрушения | |
| 610 | 1 | |a учебные пособия | |
| 610 | 1 | |a электронный ресурс | |
| 675 | |a 622.23.02(075.8) |v 3 | ||
| 700 | 1 | |a Сулакшин |b С. С. |c российский геолог |c Заслуженный профессор Томского политехнического университета |f 1919- |g Степан Степанович |2 stltpush |3 (RuTPU)RU\TPU\pers\13908 | |
| 712 | 0 | 2 | |a Томский политехнический университет (ТПУ) |c (1991-2009) |2 stltpush |3 (RuTPU)RU\TPU\col\376 |
| 801 | 1 | |a RU |b 63413507 |c 20100622 | |
| 801 | 2 | |a RU |b 63413507 |c 20101015 |g RCR | |
| 856 | 4 | |u http://www.lib.tpu.ru/fulltext2/m/2010/m115.pdf | |
| 942 | |c CF | ||